Niños compositores : 4 a 14 años /

Contiene: La música de los niños; Los niños y la composición; Escuchando la música de los niños; La composición en los primeros años; El momento decisivo de la composición; Rutas compositivas: niños de 8 a 12 años; Estilo musical: niños de 10 a 14 años; Los compositores en la educación; La composici...

Ausführliche Beschreibung

Gespeichert in:
Bibliographische Detailangaben
1. Verfasser: Glover, Joanna (autor)
Format: Buch
Sprache:Spanisch
Veröffentlicht: Barcelona, España : Graó, 2004, c2004
Schriftenreihe:(Biblioteca de Eufonía ; Didáctica de la Expresión Musical) 207.
Schlagworte:
Tags: Tag hinzufügen
Keine Tags, Fügen Sie das erste Tag hinzu!

MARC

LEADER 00000nam^a2200000^a^4500
001 000177940
005 20250521000000.0
009 20260310101732.076
020 |a 84-7827-361-1 
037 |a Acervo ITESO - Biblioteca 
041 |a ESP 
082 |a 372. 87  |b GLO 
100 |a Glover, Joanna  |e (autor) 
245 1 0 |a Niños compositores :  |b 4 a 14 años /  |c J. Glover ; tr. por Orlando Musumeci. 
264 4 |a Barcelona, España :  |b Graó,  |c 2004, c2004 
300 |a 164 p. 
336 |a texto  |b txt  |2 rdacontenido 
337 |a sin mediación  |b n  |2 rdamedio 
338 |a volumen  |b nc  |2 rdasoporte 
440 1 |a (Biblioteca de Eufonía ;  |v 207.  |p Didáctica de la Expresión Musical) 
500 |a Traducción de: Children Composing 4-14 
520 |a Contiene: La música de los niños; Los niños y la composición; Escuchando la música de los niños; La composición en los primeros años; El momento decisivo de la composición; Rutas compositivas: niños de 8 a 12 años; Estilo musical: niños de 10 a 14 años; Los compositores en la educación; La composición en las escuelas. 
649 |a XX 
650 |a Niños 
650 |a Composición Musical (Proceso) 
650 |a Música -  |x Estudio y Enseñanza 
650 |a Currículo 
650 |a Proceso Educativo 
650 |a Educación Primaria 
910 |a Fondo General 
920 |a Impresos - Libros 
930 |a Colección General 
905 |a 101 
901 |a 0500116613  |b IT1  |c ACC  |u 20250521 
902 |a https://opac.biblio.iteso.mx/vufind/Record/000177940